Earth resistance for archaeologists

में बचाया:
ग्रंथसूची विवरण
मुख्य लेखक: Schmidt, Armin, 1961-
निगमित लेखक: ebrary, Inc
स्वरूप: इलेक्ट्रोनिक ई-पुस्तक
भाषा:अंग्रेज़ी
प्रकाशित: Lanham, Md. : AltaMira Press, c2013.
श्रृंखला:Geophysical methods for archaeology ; v. 3
विषय:
ऑनलाइन पहुंच:An electronic book accessible through the World Wide Web; click to view
टैग: टैग जोड़ें
कोई टैग नहीं, इस रिकॉर्ड को टैग करने वाले पहले व्यक्ति बनें!

MARC

LEADER 00000nam a2200000 a 4500
001 ebr10660077
003 CaPaEBR
006 m u
007 cr cn|||||||||
008 121119s2013 mdua sb 001 0 eng d
010 |z  2012043069 
020 |z 9780759112049 (cloth : alk. paper) 
020 |z 9780759122932 (e-book) 
040 |a CaPaEBR  |c CaPaEBR 
035 |a (OCoLC)829904270 
050 1 4 |a CC79.G46  |b S35 2013eb 
082 0 4 |a 930.1  |2 23 
100 1 |a Schmidt, Armin,  |d 1961- 
245 1 0 |a Earth resistance for archaeologists  |h [electronic resource] /  |c Armin Schmidt. 
260 |a Lanham, Md. :  |b AltaMira Press,  |c c2013. 
300 |a xxi, 195 p. :  |b ill. 
440 0 |a Geophysical methods for archaeology ;  |v v. 3 
504 |a Includes bibliographical references and index. 
533 |a Electronic reproduction.  |b Palo Alto, Calif. :  |c ebrary,  |d 2013.  |n Available via World Wide Web.  |n Access may be limited to ebrary affiliated libraries. 
650 0 |a Earth resistance in archaeology. 
655 7 |a Electronic books.  |2 local 
710 2 |a ebrary, Inc. 
856 4 0 |u http://site.ebrary.com/lib/daystar/Doc?id=10660077  |z An electronic book accessible through the World Wide Web; click to view 
999 |c 192976  |d 192976